Accounting : A Foundation (Record no. 6675)

MARC details
005 - DATE AND TIME OF LATEST TRANSACTION
control field 20250711113004.0
020 ## - INTERNATIONAL STANDARD BOOK NUMBER
International Standard Book Number 978-1-84480-805-2
082 ## - DEWEY DECIMAL CLASSIFICATION NUMBER
Classification number 657 HOD
100 ## - MAIN ENTRY--PERSONAL NAME
Author name HODGE, R .
245 ## - TITLE STATEMENT
Title Accounting : A Foundation
260 ## - PUBLICATION, DISTRIBUTION, ETC.
Place of publication, distribution, etc. London,
Name of publisher, distributor, etc. Cengage Learning EMEA,
Date of publication, distribution, etc. 2008
300 ## - PHYSICAL DESCRIPTION
Extent xix, 676p.: ill.;
Other physical details index,
Dimensions 26cm.
856 ## - ELECTRONIC LOCATION AND ACCESS
Link text Access Online Book
Electronic name Accounting
Path www.cengage.co.uk/hodge
942 ## - ADDED ENTRY ELEMENTS (KOHA)
Source of classification or shelving scheme Dewey Decimal Classification
Koha item type Books
Holdings
Date last seen Total checkouts Full call number Barcode Cost, replacement price Price effective from Koha item type Lost status Source of classification or shelving scheme Damaged status Not for loan Withdrawn status Home library Current library Shelving location Date acquired Cost, normal purchase price
07/11/2025   657 HOD 00000013727 150000.00 07/11/2025 Books   Dewey Decimal Classification       College of Business Education Main Library College of Business Education Main Library General Collection 06/26/2025 50000.00
07/11/2025   657 HOD 00000013728 150000.00 07/11/2025 Books   Dewey Decimal Classification       College of Business Education Main Library College of Business Education Main Library General Collection 06/26/2025 50000.00
07/11/2025   657 HOD 00000013729 150000.00 07/11/2025 Books   Dewey Decimal Classification       College of Business Education Main Library College of Business Education Main Library General Collection 06/26/2025 50000.00
07/11/2025   657 HOD 00000013730 150000.00 07/11/2025 Books   Dewey Decimal Classification       College of Business Education Main Library College of Business Education Main Library General Collection 06/26/2025 50000.00
07/11/2025   657 HOD 00000013731 150000.00 07/11/2025 Books   Dewey Decimal Classification       College of Business Education Main Library College of Business Education Main Library General Collection 06/26/2025 50000.00